000 00395nab a2200145Ia 4500
003 ES-SlBCS
005 20210601131731.0
008 140529s1952 xxu||||| |||| 00| 0 fre d
041 _afre
100 1 _aMüller, Hermann
_9188282
245 0 0 _aVers une crise?
_c Hermann Müller
650 0 4 _aCrisis
_91492
773 0 _tVie Intelectuelle (La)
_gnº. 4, 1952, págs. 96-101
_wRev907
942 _cAR
999 _c567859
_d567859